000 00664nam a2200205 a 4500
001 BRCA_145
005 20190320202911.0
008 171005s2004----mx-a---###---#000-0#spa-d
020 _a9709754009
050 4 _aF1226
_b.M47 2004
245 1 0 _aMéxico
_bluz urbana
_ctextos Edgar Tavares López.
260 _aMéxico
_bEl Águila Compañía de Seguros
_c2004
300 _a131 p.
_bil. (algunas a color)
_c27 cm.
500 _aIncluye índice de iconografías
504 _aBibliografía: p. 131
650 1 4 _aMéxico
_xHistoria
_9564
653 0 _aCentro histórico - Cuidad de México - Siglos XVI al XIX
710 2 _aTavares López, Edgar
_9565
942 _2lcc
_cB
999 _c125
_d125